Top 10 Single Game Stat Performances NBA - Statistics

General Stats
  • This quiz has been taken 8 times
  • The average score is 60 of 96
Answer Stats
Answer % Correct
Bam Adebayo
100%
Bam Adebayo
100%
Bill Russell
100%
Bill Russell
100%
Bill Russell
100%
Bill Russell
100%
David Robinson
100%
James Harden
100%
James Harden
100%
John Stockton
100%
John Stockton
100%
John Stockton
100%
Kobe Bryant
100%
Kobe Bryant
100%
Luka Dončić
100%
Wilt Chamberlain
100%
Wilt Chamberlain
100%
Wilt Chamberlain
100%
Wilt Chamberlain
100%
Wilt Chamberlain
100%
Wilt Chamberlain
100%
Wilt Chamberlain
100%
Wilt Chamberlain
100%
Wilt Chamberlain
100%
Wilt Chamberlain
100%
Wilt Chamberlain
100%
Wilt Chamberlain
100%
Wilt Chamberlain
100%
Wilt Chamberlain
100%
Wilt Chamberlain
100%
Wilt Chamberlain
100%
David Thompson
88%
David Thompson
88%
Devin Booker
88%
Donovan Mitchell
88%
Klay Thompson
88%
Klay Thompson
88%
Michael Jordan
88%
Michael Jordan
88%
Shaquille O'Neal
88%
Stephen Curry
88%
Stephen Curry
88%
Stephen Curry
88%
Stephen Curry
88%
Bob Cousy
75%
Damian Lillard
75%
Damian Lillard
75%
George T. Johnson
75%
Kevin Johnson
75%
Kevin Johnson
75%
Elgin Baylor
63%
Elgin Baylor
63%
Manute Bol
63%
Manute Bol
63%
Allen Iverson
50%
Elmore Smith
50%
Elmore Smith
50%
Elmore Smith
50%
Jason Kidd
50%
Jason Kidd
50%
Rajon Rondo
50%
Scott Skiles
50%
Draymond Green
38%
Dwight Howard
38%
Giannis Antetokounmpo
38%
Giannis Antetokounmpo
38%
Isiah Thomas
38%
Lou Williams
38%
Mark Eaton
38%
Mark Eaton
38%
Mark Eaton
38%
Mookie Blaylock
38%
Zach Lavine
38%
Anthony Davis
25%
Clyde Drexler
25%
Dwyane Wade
25%
Kevin Porter
25%
Rick Barry
25%
Adrian Dantley
13%
Adrian Dantley
13%
Guy Rodgers
13%
Keegan Murray
13%
Kendall Gill
13%
T.J. McConnell
13%
Trey Murphy III
13%
Brandon Roy
0%
Chris Mullin
0%
Geoff Huston
0%
Gilbert Arenas
0%
Joe Fulks
0%
John Drew
0%
Larry Kenon
0%
Michael Finley
0%
Mike Bantom
0%
Nate McMillan
0%
Paul Pierce
0%
No matching quizzes found
Score Distribution
Percent of People with Each Score
Percentile by Number Answered
Your Score History
You have not taken this quiz